LEADER 03578oam 2200697Ma 450 001 9910790836703321 005 20190503073417.0 010 $a0-262-31447-9 035 $a(CKB)2550000001169630 035 $a(EBL)3339714 035 $a(SSID)ssj0001082937 035 $a(PQKBManifestationID)11682995 035 $a(PQKBTitleCode)TC0001082937 035 $a(PQKBWorkID)11101392 035 $a(PQKB)11464479 035 $a(StDuBDS)EDZ0000234253 035 $a(MiAaPQ)EBC3339714 035 $a(OCoLC)865654918$z(OCoLC)865508663$z(OCoLC)961586712$z(OCoLC)962696550$z(OCoLC)1055365402$z(OCoLC)1066454152$z(OCoLC)1081184251 035 $a(OCoLC-P)865654918 035 $a(MaCbMITP)9716 035 $a(Au-PeEL)EBL3339714 035 $a(CaPaEBR)ebr10819306 035 $a(CaONFJC)MIL551615 035 $a(OCoLC)865654918 035 $a(EXLCZ)992550000001169630 100 $a20131220d2013 uy 0 101 0 $aeng 135 $aur|n|---||||| 181 $ctxt 182 $cc 183 $acr 200 10$aFirms in the International Economy $eFirm Heterogeneity Meets International Business 210 $cThe MIT Press$d2013 210 4$dİ2013 215 $a1 online resource (441 p.) 225 1 $aCESifo seminar series 300 $aDescription based upon print version of record. 311 $a0-262-01974-4 311 $a1-306-20364-3 320 $aIncludes bibliographical references and index. 327 $aCESifo Seminar Series; Contents; Series Foreword; Introduction: Firm Heterogeneity, International Economics, and International Business; I Firm-Specific Advantages; 1 International Business Theory for International Economists; 2 Exports versus Foreign Direct Investments: Evidence from Cross-Country Industry Data; 3 Managerial Characteristics and the Export Decision of Firms; II Firm-Environment Interaction; 4 Foreign Firms and Local Communities; 5 Institutional Quality and FDI to the South 327 $a6 Heterogeneous Export Spillovers to Chinese Domestic Firms: The Role of the Difficulty to Enter the Destination MarketIII Boundaries of the Firm; 7 Intrafirm and Arm's-Length Trade: How Distance Matters; 8 Make or Buy: On the Organizational Structure of Firms with Asymmetric Suppliers; 9 Global Value Chains during the Great Trade Collapse: A Bullwhip Effect?; IV Innovation and Technology Transfer; 10 Multinationals' Technology Transfers and Firms' Performance; 11 Innovation Offshoring and Inventor Substitution 327 $a12 Heterogeneous Firms, Trade, and Economic Policy: Insights from a Simple Two-Sector ModelContributors; Index 330 8 $aInternational Economics (IE) and International Business (IB) are usually treated as two separate disciplines. With the advent of new trade theory the firm was reintroduced in IE and the fields more and more discuss the same topics. This book shows that IE as well as IB could benefit from each other. 410 0$aCESifo seminar series. 606 $aInternational business enterprises 606 $aInternational trade 606 $aInternational economic relations 610 $aECONOMICS/International Economics 610 $aECONOMICS/Microeconomics 615 0$aInternational business enterprises. 615 0$aInternational trade. 615 0$aInternational economic relations. 676 $a338.8/8 700 $aBeugelsdijk$b Sjoerd$01567222 801 0$bOCoLC-P 801 1$bOCoLC-P 906 $aBOOK 912 $a9910790836703321 996 $aFirms in the International Economy$93838442 997 $aUNINA LEADER 01847nas 2200589-a 450 001 996211548903316 005 20231213213019.0 011 $a2035-5114 035 $a(DE-599)ZDB2500875-4 035 $a(OCoLC)318958397 035 $a(CKB)1000000000717409 035 $a(CONSER)--2010247810 035 $a(EXLCZ)991000000000717409 100 $a20090422a20099999 --- - 101 0 $aeng 135 $aur||||||||||| 181 $ctxt$2rdacontent 182 $cc$2rdamedia 183 $acr$2rdacarrier 200 00$aMusculoskeletal surgery 210 $aMilan $cSpringer$dİ2009- 215 $a1 online resource 300 $aRefereed/Peer-reviewed 311 $a2035-5106 531 $aMUSCULOSKELET SURG 531 1 $aMusculoskelet. surg. 606 $aOrthopedics$vPeriodicals 606 $aOrthopedic surgery$vPeriodicals 606 $aMusculoskeletal system$xSurgery$vPeriodicals 606 $aMusculoskeletal Diseases$xsurgery 606 $aMusculoskeletal System$xsurgery 606 $aOrthopedic Procedures 606 $aMusculoskeletal system$xSurgery$2fast$3(OCoLC)fst01030033 606 $aOrthopedic surgery$2fast$3(OCoLC)fst01048559 606 $aOrthopedics$2fast$3(OCoLC)fst01048565 608 $aPeriodical 608 $aPeriodicals.$2fast 608 $aPeriodicals.$2lcgft 610 $aSurgery - General and By Type 615 0$aOrthopedics 615 0$aOrthopedic surgery 615 0$aMusculoskeletal system$xSurgery 615 12$aMusculoskeletal Diseases$xsurgery 615 22$aMusculoskeletal System$xsurgery 615 22$aOrthopedic Procedures 615 7$aMusculoskeletal system$xSurgery. 615 7$aOrthopedic surgery. 615 7$aOrthopedics. 906 $aJOURNAL 912 $a996211548903316 996 $aMusculoskeletal surgery$91940903 997 $aUNISA